00329nam a2200133Ia 4500008004100000041000800041082001800049100001200067245004500079250000600124260004000130300001300170700001200183210716s2005 xx 000 0 und d aeng a658.4062 RAMN aRam, N. aHindu speaks on scientific facts-Vol II. a1 aChennaibKasturi and Sons Ltdc2005 axiii,328 aRam, N.